[Event "AUTO-BEG-415"]
[Site "http://www.queenalice.com/game.php?id=816912"]
[Date "2010.8.12"]
[Round "1"]
[White "pirate93"]
[Black "Tvz"]
[Result "1-0"]
[WhiteElo "1085"]
[BlackElo "1320"]

1. e4 e5 2. Nf3 Nf6 3. Nxe5 Nxe4 4. f3 Qe7 5. f4 Nc6 6. Nxc6 dxc6 7. d3 Nc3+ 8.
Qe2 Nxe2 9. Bxe2 Bg4 10. Be3 Qb4+ 11. Nd2 h5 12. h3 Bf5 13. c3 Qxb2 14. Rd1 Qxc3
15. g4 1-0

[Event "AUTO-BEG-415"]
[Site "http://www.queenalice.com/game.php?id=816913"]
[Date "2010.8.12"]
[Round "1"]
[White "Tvz"]
[Black "GM_Westerley_1993"]
[Result "0-1"]
[WhiteElo "1378"]
[BlackElo "1339"]

1. e3 e5 2. Qe2 d5 3. d4 exd4 4. exd4+ Be6 5. Nc3 c6 6. Nf3 Nf6 7. Bg5 Be7 8.
Ne5 Nbd7 9. Nxd7 Qxd7 10. h3 h6 11. Bxf6 Bxf6 12. Rd1 O-O 13. Qe3 Rfe8 14. Bd3
Bf5 15. g4 Rxe3+ 0-1

[Event "AUTO-BEG-415"]
[Site "http://www.queenalice.com/game.php?id=816914"]
[Date "2010.8.12"]
[Round "1"]
[White "GM_Westerley_1993"]
[Black "Tvz"]
[Result "1-0"]
[WhiteElo "1521"]
[BlackElo "1320"]

1. e4 e6 2. d4 d5 3. exd5 Qxd5 4. Nc3 Qa5 5. Bd2 Qb4 6. Bb5+ c6 7. Bd3 Qd6 8.
Be3 Nf6 9. Nf3 Nd5 10. Nxd5 Qxd5 11. O-O Bd6 12. c4 Qh5 13. Ne5 Qxd1 14. Raxd1
O-O 15. c5 Bxe5 16. dxe5 1-0

[Event "Challenge"]
[Site "http://www.queenalice.com/game.php?id=827146"]
[Date "2010.9.3"]
[Round "-"]
[White "Tvz"]
[Black "danielgarciasilva"]
[Result "0-1"]
[WhiteElo "1374"]
[BlackElo "1600"]

1. e4 e5 2. Nf3 Nf6 3. Bc4 Bc5 4. O-O d6 5. Nc3 c6 6. d3 h6 7. Be3 a5 8. d4 exd4
9. Bxd4 Bg4 10. h3 Bxf3 11. Qxf3 Bxd4 12. Ne2 b5 0-1

[Event "Challenge"]
[Site "http://www.queenalice.com/game.php?id=827147"]
[Date "2010.9.3"]
[Round "-"]
[White "danielgarciasilva"]
[Black "Tvz"]
[Result "1-0"]
[WhiteElo "1615"]
[BlackElo "1385"]

1. e4 e5 2. Nf3 Qe7 3. Bc4 Qc5 4. d3 Nc6 5. Be3 Qb4+ 6. Bd2 Qxb2 7. Bb3 Qxa1 8.
Bc3 Qxc3+ 9. Nxc3 Nf6 10. Ng5 h6 11. Nxf7 1-0

[Event "Challenge"]
[Site "http://www.queenalice.com/game.php?id=827597"]
[Date "2010.9.4"]
[Round "-"]
[White "Tvz"]
[Black "FC"]
[Result "1-0"]
[WhiteElo "1365"]
[BlackElo "1460"]

1. e4 e5 2. Nf3 d6 3. Bc4 Nf6 4. Ng5 Nfd7 5. Nxf7 Qh4 6. Qf3 Rg8 7. Qf5 g6 8.
Qe6+ Be7 9. d3 Rf8 10. Bg5 Nf6 11. Bxh4 Bxe6 12. Bxe6 Nc6 13. c3 b5 14. b4 Ng4
15. O-O Nd8 16. Nxd8 Rxd8 17. Bxe7 Kxe7 18. Bxg4 c5 19. Na3 a6 20. Rad1 h5 21.
Bh3 Rf6 22. Nc2 g5 23. g4 h4 24. Ne3 Rf3 25. Nf5+ Ke6 26. Bg2 Rf4 27. bxc5 Rxg4
28. h3 Rf4 29. f3 Rg8 30. cxd6 g4 31. fxg4 Rxf1+ 32. Rxf1 Kd7 33. d4 exd4 34.
cxd4 b4 35. Rb1 a5 36. e5 Re8 37. Rc1 Ke6 38. Rc6 a4 39. Ng7+ Kd7 40. Nxe8 Kxe8
41. e6 b3 42. axb3 axb3 43. Be4 b2 44. Rc8# 1-0

[Event "AUTO-INT-1810"]
[Site "http://www.queenalice.com/game.php?id=828482"]
[Date "2010.9.5"]
[Round "1"]
[White "Tvz"]
[Black "ONLLYONNE"]
[Result "0-1"]
[WhiteElo "1354"]
[BlackElo "1938"]

1. e4 d5 2. Qf3 dxe4 3. Qxe4 Nf6 4. Qa4+ Nc6 5. Nf3 e6 6. Bd3 Bd6 7. Ng5 Bd7 8.
Qh4 h6 9. Ne4 Be7 10. Nxf6+ Bxf6 11. Qg4 O-O 12. Be4 e5 13. d3 Bxg4 0-1

[Event "AUTO-INT-1810"]
[Site "http://www.queenalice.com/game.php?id=828483"]
[Date "2010.9.5"]
[Round "1"]
[White "ONLLYONNE"]
[Black "Tvz"]
[Result "1-0"]
[WhiteElo "1938"]
[BlackElo "1354"]

1. e4 e6 2. d4 d5 3. Nc3 Nf6 4. Bg5 h6 5. Bxf6 Qxf6 6. exd5 e5 7. dxe5 Qxe5+ 8.
Be2 Bc5 9. Nf3 Qe6 10. dxe6 Bxe6 11. O-O O-O 12. Bd3 Nc6 13. Ne4 Be7 14. Re1 1-0

[Event "Challenge"]
[Site "http://www.queenalice.com/game.php?id=829952"]
[Date "2010.9.8"]
[Round "-"]
[White "Petrucio"]
[Black "Tvz"]
[Result "1-0"]
[WhiteElo "1405"]
[BlackElo "1346"]

1. e4 e5 2. Qh5 Bc5 3. Qxe5+ Qe7 4. Qxg7 Qf6 5. Qg3 Nh6 6. d3 Rg8 7. Qh3 Qxf2+
8. Kd1 Ng4 9. Be2 d6 10. c3 Be3 11. Qxh7 Kf8 12. Nh3 Qxg2 13. Rf1 Ne5 14. Bxe3
Bxh3 15. Qh6+ Rg7 16. Qh8+ Rg8 17. Qf6 Nbd7 18. Qh6+ Rg7 19. d4 Ng4 20. Qh8+ Rg8
21. Bh6+ Nxh6 22. Qxh6+ Rg7 23. Qh4 Re8 24. Qh8+ Rg8 25. Qh6+ Rg7 26. Qh5 Ke7
27. a4 Rh8 28. Qxh8 Rg8 29. Qh4+ Rg5 30. Kc2 Qxe2+ 31. Kb3 Qe3 32. Rf4 f6 33.
Qh7+ Ke6 34. Qh6 Bg2 35. Rh4 Bxe4 36. Kb4 a5+ 37. Ka3 Bd5 38. Qh8 1-0

[Event "Challenge"]
[Site "http://www.queenalice.com/game.php?id=830698"]
[Date "2010.9.10"]
[Round "-"]
[White "Tvz"]
[Black "cazzo"]
[Result "0-1"]
[WhiteElo "1297"]
[BlackElo "1500"]

1. e4 e6 2. Qf3 d5 3. d3 c5 4. Ne2 Nc6 5. Nbc3 Nf6 6. exd5 Nb4 7. Kd1 Nbxd5 8.
Nxd5 Nxd5 9. Nf4 Be7 10. Bd2 O-O 11. Qg3 Bh4 12. Qg4 e5 13. Qf3 exf4 14. Bxf4
Nxf4 15. Qxf4 Re8 16. Kd2 Bg5 0-1

[Event "AUTO-INT-1821"]
[Site "http://www.queenalice.com/game.php?id=834115"]
[Date "2010.9.17"]
[Round "1"]
[White "rodriw02"]
[Black "Tvz"]
[Result "1-0"]
[WhiteElo "1517"]
[BlackElo "1367"]

1. e4 e5 2. Nf3 Qf6 3. d3 Bc5 4. Bg5 Qe6 5. Nc3 f6 6. Nb5 Na6 7. Bh4 c6 8. Nc3
Nh6 9. b3 Ng4 10. h3 Nxf2 11. Bxf2 Bxf2+ 12. Kxf2 Nb4 13. a3 Na6 14. g4 O-O 15.
Qd2 d5 16. exd5 cxd5 17. d4 e4 18. Re1 Qd6 19. Nb5 Qd7 20. a4 exf3 21. Bd3 Re8
22. Reg1 1-0

[Event "AUTO-INT-1821"]
[Site "http://www.queenalice.com/game.php?id=834116"]
[Date "2010.9.17"]
[Round "1"]
[White "Tvz"]
[Black "rodriw02"]
[Result "1-0"]
[WhiteElo "1339"]
[BlackElo "1581"]

1. e4 e5 2. Nf3 Nc6 3. Bc4 Nf6 4. Nc3 Bc5 5. O-O d6 6. d3 Bg4 7. h3 Bxf3 8. Qxf3
Nd4 9. Qd1 h6 10. Be3 g5 11. Bxd4 Bxd4 12. Nd5 Nd7 13. Qh5 Bxb2 14. Nc3 Bxa1 15.
Qxf7# 1-0

[Event "AUTO-INT-1821"]
[Site "http://www.queenalice.com/game.php?id=834133"]
[Date "2010.9.17"]
[Round "1"]
[White "johndavidtelker"]
[Black "Tvz"]
[Result "1-0"]
[WhiteElo "1731"]
[BlackElo "1322"]

1. d4 d5 2. Nf3 Nc6 3. a3 e6 4. Nbd2 Bd6 5. e4 dxe4 6. Nxe4 Be7 7. Bc4 f5 8. Nc3
Nf6 9. O-O Na5 10. Ba2 O-O 11. Be3 Nc4 12. Bxc4 Nd5 13. Qd3 1-0

[Event "AUTO-INT-1821"]
[Site "http://www.queenalice.com/game.php?id=834134"]
[Date "2010.9.17"]
[Round "1"]
[White "Tvz"]
[Black "johndavidtelker"]
[Result "0-1"]
[WhiteElo "1324"]
[BlackElo "1729"]

1. e4 c6 2. Nf3 d5 3. e5 Bf5 4. d3 e6 5. Nc3 Nd7 6. Nd4 Bg6 7. Be2 Nxe5 8. f4
Nd7 9. O-O Ngf6 10. Bg4 Qe7 11. Re1 Nxg4 12. Qxg4 Qb4 0-1